000 00453nam a2200169Ia 4500
005 20250324135703.0
008 231217s9999 xx 000 0 und d
020 _a9788174468062
082 _a658.1511 SIN;1 R
100 _aSinha, Pradip Kumar.
245 0 _aAccounting and costing for management
250 _a1st ed.
260 _c2010
_bExcel Books
_aNew Delhi
300 _axi, 647
650 _aAccounting,costing,management
942 _cAA
999 _c185511
_d185511